| 000 | 00423pab a2200181 454500 | ||
|---|---|---|---|
| 008 | 180718b2007 xxu||||| |||| 00| 0 eng d | ||
| 100 | _aRajwade, A.V. | ||
| 245 | _aInflation vs growth: inflation and monetary policy | ||
| 260 | _c2007 | ||
| 300 | _ap.17-19. | ||
| 362 | _aOct | ||
| 650 | _aMonetary policy | ||
| 650 | _aInflation | ||
| 650 | _aEconomic growth | ||
| 773 | _aYojana | ||
| 908 | _aN | ||
| 909 | _a76248 | ||
| 999 |
_c76248 _d76248 |
||